Colorado State Quiz - Statistics

General Stats
  • This quiz has been taken 8 times
  • The average score is 4 of 8
Answer Stats
Question Answer % Correct
Abbreviation? CO
100%
Capital City? Denver
100%
NBA Basketball Team Name? Denver Nuggets
86%
Nicknamed? the Centennial State
71%
What state was Colorado? 38
43%
Governor of Colorado? Jared Polis
29%
Statehood Date? August 1, 1876
14%
Population? (Estimate) 5.9 million
0%
No matching quizzes found
Score Distribution
Percent of People with Each Score
Percentile by Number Answered
Your Score History
You have not taken this quiz